| 000 | 00348nam a2200145Ia 4500 | ||
|---|---|---|---|
| 008 | 150201s2008 xx 000 0 und d | ||
| 082 |
_a617.6 _bO2008P |
||
| 100 | _aPREM KUMAR | ||
| 245 | _aORTHODONTICS: PREP MANUAL FOR UG | ||
| 250 | _a1ST | ||
| 260 |
_bELSEVIER _aDELHI _c2008 |
||
| 300 | _a1-622 | ||
| 650 | _aORTHODONTICS | ||
| 942 |
_2ddc _cBK _02 |
||
| 999 |
_c4108 _d4108 |
||